|
|
|
|
| LEADER |
00000nas a2200000 a 4500 |
| 001 |
ssj0001454448 |
| 003 |
WaSeSS |
| 005 |
20200512172242.0 |
| 006 |
m d |
| 007 |
cr n |
| 008 |
080213c20089999nyuqr p s 0 a0eng c |
| 010 |
|
|
|a 2008213011
|
| 022 |
|
|
|y 1941-3963
|
| 035 |
|
|
|a (WaSeSS)ssj0001454448
|
| 037 |
|
|
|b Nova Science Publishers, Inc., 400 Oser Avenue, Suite 1600, Hauppauge, NY 11788-3619
|c $55.00
|
| 040 |
|
|
|a NSD
|b eng
|c NSD
|d DLC
|d NSD
|d DLC
|d OCLCQ
|d AU@
|d IUL
|d DLC
|d OCLCF
|d CUS
|d WaSeSS
|
| 042 |
|
|
|a pcc
|a nsdp
|
| 050 |
0 |
0 |
|a QA1
|b .P1218
|
| 082 |
1 |
0 |
|a 519
|2 14
|
| 222 |
|
0 |
|a Pacific journal of applied mathematics
|b (Hauppauge, N.Y.)
|
| 245 |
0 |
0 |
|a Pacific journal of applied mathematics
|h [electronic resource].
|
| 260 |
|
|
|a Hauppauge, NY :
|b Nova Science Publishers
|
| 310 |
|
|
|a Quarterly
|
| 362 |
1 |
|
|a Began with vol. 1, issue 1 (2008).
|
| 506 |
|
|
|a License restrictions may limit access.
|
| 588 |
|
|
|a Description based on: Vol. 1, issue 1 (2008); tifle from cover.
|
| 650 |
|
0 |
|a Mathematics
|v Periodicals.
|
| 650 |
|
7 |
|a Mathematics.
|2 fast
|0 (OCoLC)fst01012163
|
| 655 |
|
0 |
|a Electronic journals.
|
| 850 |
|
|
|a DLC
|
| 856 |
4 |
0 |
|z Full text available from Research Library: 01/01/2011 to 10/31/2017
|u https://search.proquest.com/publication/2034820
|